Storms!

Bibliographic Details
Other Authors: Dickstein, Leslie
Format: Book
Published: New York : Harper Collins Publishers , 2006
Series:Times for kids ; 1 beginning reader
Subjects:

MARC

LEADER 00000cam a2200000 7i4500
001 0000006458
005 20151222.0
008 070816
020 |a 0060782048 
090 0 0 |a JF SC   |b ENG 
245 1 0 |a Storms!   |c by the editors of Time for kids with Leslie Dickstein 
260 |a New York :   |b Harper Collins Publishers ,   |c 2006 
440 |a Times for kids ; 1 beginning reader 
500 |a Children ages 7-9 years old (orange) 
650 0 |a Storms   |x Juvenile literature 
650 0 |a Weather   |x juvenile literature 
700 1 |a Dickstein, Leslie 
730 1 |a Time for kids 
999 |a 0000985263   |b Book   |c Children Collection   |e Cawangan Sri Merlong 
999 |a 0000985264   |b Book   |c Children Collection   |e Perbadanan Perpustakaan Awam Johor 
999 |a 0000985265   |b Book   |c Children Collection   |e Perbadanan Perpustakaan Awam Johor 
999 |a 0001047546   |b Book   |c Children Collection   |e Cawangan Pontian